Kariera klubowa Francka Ribery - Statystyki

Ogólne statystyki
  • Ten quiz został rozwiązany 388 razy
  • Średni wynik to 3 z 9
Statystyki odpowiedzi
Lata gry Klub % Poprawnych
2007 - 2019 Bayern Monachium
99%
2019 - 2021 ACF Fiorentina
62%
2005 - 2007 Olympique Marsylia
53%
2021 - 2022 US Salernitana 1919
50%
2005 Galatasaray
21%
2004 - 2005 FC Metz
18%
2002 - 2003 Olympique Alès
10%
2001 - 2002 US Boulogne
5%
2003 - 2004 Stade Brestois 29
3%
Nie znaleziono quizów pasujących do podanych kryteriów
Rozkład punktacji
Procent ludzi z każdym wynikiem
Percentyl według liczby udzielonych odpowiedzi
Twoja historia wyników
Nie rozwiązałeś tego quizu